| 000 | 00605nam a2200253Ia 4500 | ||
|---|---|---|---|
| 005 | 20250425161813.0 | ||
| 008 | 250425s9999 xx 000 0 und d | ||
| 020 | _a0134362489 | ||
| 041 | _aspa | ||
| 082 | _a005.8 | ||
| 100 | _aPRENTICE, HALL | ||
| 245 | 0 | _aSPSS 6.1 FOR WINDOWS STUDENT VERSION | |
| 250 | _a1A ED. | ||
| 260 | _aCHICAGO | ||
| 260 |
_aEstados Unidos _bPRENTICE HALL _c1994 |
||
| 300 | _a118 | ||
| 500 | _aCOPIA ENCUADERNADO | ||
| 650 | _aOFFICE | ||
| 650 | _aPROGRAMAS DE COMPUTACION | ||
| 650 | _aWINDOWS | ||
| 710 | _aPRENTICE HALL | ||
| 942 | _c01 | ||
| 010 | _a30301 | ||
| 999 |
_c216434 _d216434 |
||